000
00209 a2200097 4500
001
27582
100
_a
Walker, R
245
_a
Pump selection
260
_a
_b
A.A. science pub inc
_c
1977
090
_c
18369
_d
18369
942
_a
NUST-CAE
_c
M
_c
9301
999
_c
262655
_d
262655